Top 15 dei paesi con decessi Covid-19 - 6 settembre - Statistics

Statistiche generali
  • Questo quiz è stato fatto 3 volte
  • Il punteggio medio è 7 su 19
Statistiche sulle risposte
paese % Corretto
Russia
100%
Brasile
67%
Francia
67%
Italia
67%
Messico
67%
Spagna
67%
Stati Uniti
67%
Belgio
33%
Cile
33%
Colombia
33%
India
33%
Panama
33%
Regno Unito
33%
Bolivia
0%
Ecuador
0%
Iran
0%
Perù
0%
Sudafrica
0%
Svezia
0%
Nessun quiz corrispondente trovato
Distribuzione punteggi
Percentuale di utenti per punteggio
Percentile per numero di risposta
I tuoi punteggi nel tempo
Non hai fatto questo quiz